000 00696cam a2200253 4500500
005 20260405002007.0
041 _afre
042 _adc
100 1 0 _aBurgart Goutal, Jeanne
_eauthor
245 0 0 _aJudith Butler. Sex is politics
260 _c2015.
500 _a99
690 _aDrag
690 _aGenre
690 _aJeanne Burgart Goutal
690 _aJudith Butler
690 _aPolitique
690 _aQueer
690 _aSexe
690 _aStoller
690 _aSubversion
786 0 _nPhilosophie magazine | 90 | 6 | 2015-06-01 | p. 43-43 | 1951-1787
856 4 1 _uhttps://shs.cairn.info/magazine-philosophie-magazine-2015-6-page-43?lang=fr&redirect-ssocas=7080
999 _c2053100
_d2053100